000 01003nas a2200325 4500
001 BR0805933
003 BR-BrBNA
005 20231205112037.0
007 ta
008 230509b bl.|||p| |||| 00| 00por d
040 _aBR-BrBNA
_bpor
_cBiblioteca Nacional de Agricultura
041 _a(Pt)
072 _aL02; L50
100 1 _aRennó, L.N.
100 1 _aValadares Filho, S. de C.
100 1 _aPaulino, M.F.
100 1 _aLeão, M.I.
100 1 _aValadares, R.F.D.
100 1 _aRennó, F.P.
100 1 _aPaixão, M.L.
245 1 _aNíveis de uréia na ração de novilhos de quatro grupos genéticos: parâmetros ruminais, uréia plasmática e excreções de uréia e creatinina
650 _aURÉIA
650 _aNOVILHO
650 _aPH
650 _aCREATININA
650 _aAMÔNIA
773 0 _tRevista Brasileira de Zootecnia (Brazil)
_xISSN 1516-3598
_g(Mar 2008), v. 37(3) p. 556-562
_wBR0805933
909 _a202311
_bLúcia
_c55
_dLúcia Elande
942 _2AGRIS
_n0
_cANA
999 _c195791
_d195791